Guess The Cartoon Network Classic - Statistics

General Stats
  • This quiz has been taken 383 times
  • The average score is 8 of 11
Answer Stats
Description Answer % Correct
10 year old boy, with a cool watch that gives him amazing powers Ben 10
96%
Cat chases Mouse Tom and Jerry
96%
Group of teen superheroes all live together in a tower Teen Titans
91%
Group of friends investigates mysteries Scooby-Doo
87%
Fearful dog lives with two owners, one that hates him Courage The Cowardly Dog
72%
Bird and Raccoon best friends Regular Show
62%
Boy genius does crazy stuff and lives with an annoying sister Dexter's Laboratory
59%
Kid has a weird magic dog and they go on adventures Adventure Time
58%
Family of cavemen and women Flintstones
55%
Bald spoiled kid cries all the time Caillou
42%
Kid has a weird talking dog and they go on adventures Johnny Test
33%
No matching quizzes found
Score Distribution
Percent of People with Each Score
Percentile by Number Answered
Your Score History
You have not taken this quiz